Letrres choisíes, 1765-1832 / (Record no. 72772)

MARC details
000 -LEADER
campo de control de longitud fija 00650nam a2200193 i 4500
001 - NÚMERO DE CONTROL
campo de control 72772
003 - IDENTIFICADOR DE NÚMERO DE CONTROL
campo de control ES-MaACL
005 - FECHA Y HORA DE LA ÚLTIMA TRANSACCIÓN
campo de control 20230906171543.0
007 - CAMPO FIJO DE DESCRIPCIÓN FÍSICA--INFORMACIÓN GENERAL
campo de control de longitud fija t|
008 - DATOS DE LONGITUD FIJA--INFORMACIÓN GENERAL
campo de control de longitud fija 040902s1999 sp ||||1| spa d
100 1# - ENTRADA PRINCIPAL--NOMBRE DE PERSONA
Nombre de persona Goethe, Johann Wolfgang von,
Fechas asociadas al nombre 1749-1832
9 (RLIN) 57568
245 10 - MENCIÓN DEL TÍTULO
Título Letrres choisíes, 1765-1832 /
Mención de responsabilidad, etc. Johann Wolgany von Goethe ; traduites par A. Fauta ; avec une préface de Arthur Chuques.
260 ## - PUBLICACIÓN, DISTRIBUCIÓN, ETC.
Lugar de publicación, distribución, etc. [S.l. :
Nombre del editor, distribuidor, etc. s.n.,
Fecha de publicación, distribución, etc. 1912] (
Lugar de fabricación/manufactura Coulommiers :
Fabricante Paul Brodard)
300 ## - DESCRIPCIÓN FÍSICA
Extensión XXXIV, 415 p. ;
Dimensiones 18 cm.
700 1# - ENTRADA AGREGADA--NOMBRE PERSONAL
Nombre de persona Fauta, A.
9 (RLIN) 48984
700 1# - ENTRADA AGREGADA--NOMBRE PERSONAL
Nombre de persona Chuquet, Arthur.
9 (RLIN) 38702
852 ## - LOCALIZACIÓN
Ubicación ES-MaACL
Número de control de estantería G-221
Holdings
Estatus retirado Estado de pérdida Estado de daño No para préstamo Biblioteca de origen Biblioteca actual Ubicación en estantería Fecha de adquisición Fuente de adquisición Total de préstamos Signatura topográfica completa Código de barras Visto por última vez Precio de reemplazo Tipo de ítem Koha
        Biblioteca del Ateneo de Madrid Biblioteca del Ateneo de Madrid Depósito 2 17/01/2008     G-221 1076179 23/02/2023 23/02/2023 Libro impreso